| 000 | 00908nam a2200277 a 4500 | ||
|---|---|---|---|
| 001 | BRCA_7651 | ||
| 005 | 20190320205928.0 | ||
| 008 | 260713s1955----sp-#######---#000-0#spa-# | ||
| 041 | _aspa | ||
| 044 | _asp | ||
| 050 | 4 |
_aG1100 _b.V56 1955 |
|
| 100 | 1 |
_aVindel, Francisco _918864 |
|
| 245 | 1 | 0 |
_aMapas de América en los libros españoles de los siglos XVI al XVIII (1503-1798) _cFrancisco Vindel. |
| 260 |
_aMadrid _c1955 |
||
| 300 |
_aix, 361 p. _bil., mapas _c37 cm. |
||
| 500 | _a241 facsímiles | ||
| 500 | _aDos atlas iguales (uno encuadernado en tapa azul) inventariados por el Banco de México como un solo libro | ||
| 500 | _aEjemplar numerado 237 de 500 | ||
| 500 | _aT68 | ||
| 650 | 1 | 4 |
_aMapas _910484 |
| 650 | 1 | 4 |
_aLibros ilustrados _ySiglo XV-XVI _918865 |
| 650 | 1 | 4 |
_aLibros ilustrados _ySiglo XVII-XVIII _918866 |
| 650 | 1 | 4 |
_aAmérica _vMapas _918867 |
| 902 | _aGFM | ||
| 942 |
_2lcc _cB |
||
| 999 |
_c7325 _d7325 |
||